00654 2200217 4500001002100000005001500021035002000036007000300056008004100059020001500100082001000115084001600125100001200141245004900153260003200202300003000234500010300264856001700367650004400384990000800428INLIS00000000000008620220127082243 a0010-0122000086ta220127 g 0 ind  a9793767081 a005.5 a005.5 CHA t0 aChandra1 a7 Jam Belajar Flash MX 2004 untuk orang awam aPalembang :bMaxikom,c2004 a184 hlm :bilus. ;c21 cm aMacromedia flash MX 2004 adalah program canggih untuk membuat animasi dan aplikasi web interaktif. aKoleksi Umum 4aProgram aplikasi dengan kegunaan khusus a188